000 00728nam a2200241Ia 4500
003 OSt
005 20220927105716.0
006 a|||||r|||| 00| 0
007 ta
008 220926b |||||||| |||| 00| 0 eng d
024 _a201054
037 _cReference Collections
040 _aRTL
_cRTL
_beng
041 _2eng
_aeng
082 _a"Bw3,M40-L14, K6/RR"
100 _aTaylor E.G.R.
_9374296
245 0 _aMathematical Practitioners of Hanoverian England
260 _aLondon
_bCambridge University Press
_c1966
300 _a"xv, 503p."
_ccm.
500 _aAppendix: P 349-51; Glossary: P 352-59
942 _h"Bw3,M40-L14, K6/RR"
_cCC
999 _c693998
_d693998